<?xml version='1.0' encoding='UTF-8'?>
  <record xmlns="http://www.loc.gov/MARC21/slim">
    <leader>00000cam a2200000 i 4500</leader>
    <controlfield tag="001">ocm04247277</controlfield>
    <controlfield tag="003">OCoLC</controlfield>
    <controlfield tag="005">20250522073248.5</controlfield>
    <controlfield tag="008">780922s1922    fr       b    000 0 fre d</controlfield>
    <datafield tag="040" ind1=" " ind2=" ">
      <subfield code="a">TXH</subfield>
      <subfield code="b">eng</subfield>
      <subfield code="c">TXH</subfield>
      <subfield code="d">OCL</subfield>
      <subfield code="d">NLGGC</subfield>
      <subfield code="d">OCLCG</subfield>
      <subfield code="d">OCLCQ</subfield>
      <subfield code="d">OCLCF</subfield>
      <subfield code="d">OCLCQ</subfield>
      <subfield code="d">OCLCO</subfield>
      <subfield code="d">QGJ</subfield>
      <subfield code="d">L2U</subfield>
      <subfield code="d">OCL</subfield>
      <subfield code="d">OCLCO</subfield>
      <subfield code="d">J9U</subfield>
      <subfield code="d">OCLCQ</subfield>
      <subfield code="d">IPL</subfield>
      <subfield code="d">OCLCO</subfield>
      <subfield code="d">OCLCL</subfield>
      <subfield code="d">OCLCQ</subfield>
      <subfield code="d">OCLCL</subfield>
    </datafield>
    <datafield tag="029" ind1="1" ind2=" ">
      <subfield code="a">NLGGC</subfield>
      <subfield code="b">066201837</subfield>
    </datafield>
    <datafield tag="035" ind1=" " ind2=" ">
      <subfield code="a">(OCoLC)4247277</subfield>
    </datafield>
    <datafield tag="050" ind1=" " ind2="4">
      <subfield code="a">P561</subfield>
      <subfield code="b">.M5 1922x</subfield>
    </datafield>
    <datafield tag="082" ind1="1" ind2="4">
      <subfield code="a">410</subfield>
      <subfield code="b">M47i5</subfield>
      <subfield code="1">https://id.oclc.org/worldcat/ddc/E43RQpCKxh6brjJBFKfRmKgckx</subfield>
    </datafield>
    <datafield tag="084" ind1=" " ind2=" ">
      <subfield code="a">18.01</subfield>
      <subfield code="2">bcl</subfield>
    </datafield>
    <datafield tag="100" ind1="1" ind2=" ">
      <subfield code="a">Meillet, A.</subfield>
      <subfield code="q">(Antoine),</subfield>
      <subfield code="d">1866-1936.</subfield>
    </datafield>
    <datafield tag="245" ind1="1" ind2="0">
      <subfield code="a">Introduction à l'étude comparative des langues indo-européennes /</subfield>
      <subfield code="c">A. Meillet.</subfield>
    </datafield>
    <datafield tag="250" ind1=" " ind2=" ">
      <subfield code="a">5me éd., refondue, corrigée et augmentée.</subfield>
    </datafield>
    <datafield tag="260" ind1=" " ind2=" ">
      <subfield code="a">Paris :</subfield>
      <subfield code="b">Hachette,</subfield>
      <subfield code="c">1922.</subfield>
    </datafield>
    <datafield tag="300" ind1=" " ind2=" ">
      <subfield code="a">xiv, 464 pages ;</subfield>
      <subfield code="c">24 cm</subfield>
    </datafield>
    <datafield tag="336" ind1=" " ind2=" ">
      <subfield code="a">text</subfield>
      <subfield code="b">txt</subfield>
      <subfield code="2">rdacontent</subfield>
    </datafield>
    <datafield tag="337" ind1=" " ind2=" ">
      <subfield code="a">unmediated</subfield>
      <subfield code="b">n</subfield>
      <subfield code="2">rdamedia</subfield>
    </datafield>
    <datafield tag="338" ind1=" " ind2=" ">
      <subfield code="a">volume</subfield>
      <subfield code="b">nc</subfield>
      <subfield code="2">rdacarrier</subfield>
    </datafield>
    <datafield tag="500" ind1=" " ind2=" ">
      <subfield code="a">Appendices: I. Aperçu du développement de la grammaire comparée. II. Indications bibliographiques, p. 437-458.</subfield>
    </datafield>
    <datafield tag="650" ind1=" " ind2="0">
      <subfield code="a">Indo-European languages</subfield>
      <subfield code="x">Grammar, Comparative.</subfield>
    </datafield>
    <datafield tag="650" ind1=" " ind2="0">
      <subfield code="a">Indo-European philology</subfield>
      <subfield code="v">Bibliography.</subfield>
    </datafield>
    <datafield tag="650" ind1=" " ind2="6">
      <subfield code="a">Langues indo-européennes</subfield>
      <subfield code="x">Grammaire comparée.</subfield>
    </datafield>
    <datafield tag="650" ind1=" " ind2="6">
      <subfield code="a">Philologie indo-européenne</subfield>
      <subfield code="v">Bibliographie.</subfield>
    </datafield>
    <datafield tag="650" ind1=" " ind2="7">
      <subfield code="a">18.01 Indo-European languages: general.</subfield>
      <subfield code="0">(NL-LeOCL)077599675</subfield>
      <subfield code="2">bcl</subfield>
    </datafield>
    <datafield tag="650" ind1=" " ind2="7">
      <subfield code="a">Indo-European languages</subfield>
      <subfield code="x">Grammar, Comparative</subfield>
      <subfield code="2">fast</subfield>
    </datafield>
    <datafield tag="650" ind1=" " ind2="7">
      <subfield code="a">Indo-European philology</subfield>
      <subfield code="2">fast</subfield>
    </datafield>
    <datafield tag="650" ind1="1" ind2="7">
      <subfield code="a">Indo-europese talen.</subfield>
      <subfield code="2">gtt</subfield>
    </datafield>
    <datafield tag="650" ind1="1" ind2="7">
      <subfield code="a">Vergelijkende taalwetenschap.</subfield>
      <subfield code="2">gtt</subfield>
    </datafield>
    <datafield tag="650" ind1=" " ind2="7">
      <subfield code="a">Indo-European languages</subfield>
      <subfield code="x">Grammar, Comparative.</subfield>
      <subfield code="2">nli</subfield>
    </datafield>
    <datafield tag="650" ind1=" " ind2="7">
      <subfield code="a">Indo-European philology</subfield>
      <subfield code="x">Bibliography.</subfield>
      <subfield code="2">nli</subfield>
    </datafield>
    <datafield tag="650" ind1=" " ind2="7">
      <subfield code="a">Langues indo-européennes</subfield>
      <subfield code="x">Méthode comparative.</subfield>
      <subfield code="2">ram</subfield>
    </datafield>
    <datafield tag="655" ind1=" " ind2="7">
      <subfield code="a">Bibliographies</subfield>
      <subfield code="2">fast</subfield>
    </datafield>
    <datafield tag="856" ind1="4" ind2="1">
      <subfield code="u">http://objects.library.uu.nl/reader/resolver.php?obj=000216575&amp;type=2</subfield>
      <subfield code="x">Online</subfield>
      <subfield code="z">Full Text</subfield>
    </datafield>
  </record>